[Event "AUTO-INT-3884"]
[Site "http://www.queenalice.com/game.php?id=1839762"]
[Date "2024.7.5"]
[Round "1"]
[White "bdpq"]
[Black "Curie"]
[Result "1-0"]
[WhiteElo "1616"]
[BlackElo "1630"]

1. e4 e5 2. d4 exd4 3. Qxd4 Nc6 4. Qe3 d6 5. Bb5 Bd7 6. Ne2 Qf6 7. O-O a6 8. Ba4
O-O-O 9. Nbc3 g6 10. Nd5 Qe5 11. c3 Bh6 12. f4 Qh5 13. Ng3 Qg4 14. Bd2 Re8 15.
Qf3 f5 16. exf5 gxf5 17. Qf2 Re6 18. Ne3 Qxf4 19. Qxf4 Bxf4 20. Ngxf5 Re4 21. c4
Nf6 22. Bc2 Rxe3 23. Bxe3 Bxe3+ 24. Nxe3 Re8 25. Nd1 Nd4 26. Bd3 Bf5 27. Bxf5+
Nxf5 28. Rxf5 Ng4 29. g3 Re2 30. Nf2 Ne3 31. Rf4 Nc2 32. Rf1 c5 33. Rf7 Nd4 34.
Rxh7 Rxb2 35. Ne4 Kb8 36. Nxd6 Rxa2 37. Rxb7+ Ka8 38. Rf8# 1-0

[Event "AUTO-INT-3884"]
[Site "http://www.queenalice.com/game.php?id=1839763"]
[Date "2024.7.5"]
[Round "1"]
[White "Curie"]
[Black "bdpq"]
[Result "1-0"]
[WhiteElo "1590"]
[BlackElo "1654"]

1. e4 d5 2. exd5 Qxd5 3. Nc3 Qe6+ 4. Qe2 Qxe2+ 5. Bxe2 Be6 6. h3 Nc6 7. Nf3
O-O-O 8. O-O Bxh3 9. gxh3 g6 10. a3 e6 11. d3 Nd4 12. Ne5 Nh6 13. Bg5 Rd6 14.
Bf6 Rg8 15. Bd1 Nc6 16. Re1 Bg7 17. Nb5 Rd5 18. c4 Bxf6 19. cxd5 exd5 20. d4 a6
21. a4 axb5 22. axb5 Nxd4 23. Ra8# 1-0

[Event "Challenge"]
[Site "http://www.queenalice.com/game.php?id=1839872"]
[Date "2024.7.8"]
[Round "-"]
[White "Curie"]
[Black "dejami"]
[Result "1-0"]
[WhiteElo "1720"]
[BlackElo "1614"]

1. e4 e5 2. Nc3 c6 3. Nf3 f6 4. a3 b5 5. b4 a5 6. Bb2 a4 7. d4 Bd6 8. dxe5 Bxe5
9. Nh4 g6 10. g3 h5 11. Nxg6 Rh7 12. Nxe5 fxe5 13. Qd6 Re7 14. Bh3 Na6 15. Ne2
Re6 16. Bxe6 dxe6 17. Qxe5 h4 18. Qh5+ Kf8 19. Qxh4 Qxh4 20. gxh4 Nh6 21. Rg1
Bd7 22. Rd1 Be8 23. Bg7+ Ke7 24. e5 Nf5 25. Bf6+ Kf8 26. Ng3 Nc7 27. Nxf5 exf5
28. Rd6 Bf7 29. Rd7 Ne6 30. h5 Bxh5 31. Rh7 Be8 32. Be7# 1-0

[Event "Challenge"]
[Site "http://www.queenalice.com/game.php?id=1840544"]
[Date "2024.7.21"]
[Round "-"]
[White "Mr_SPOCK"]
[Black "Curie"]
[Result "0-1"]
[WhiteElo "1656"]
[BlackElo "1613"]

1. e4 e5 2. Bc4 Bc5 3. Qf3 Nf6 4. d3 h6 5. h4 d6 6. h5 Bg4 7. Qg3 Qd7 8. Nc3 Nc6
9. Nce2 Nb4 10. Bb3 O-O-O 11. Be3 Nxh5 12. Qh2 g5 13. O-O-O d5 14. f3 Bxe3+ 15.
Kb1 Nf4 16. Nxf4 dxe4 17. Nge2 gxf4 18. a3 exf3 19. gxf3 f6 20. axb4 Bxf3 21.
Nc3 Qg4 22. Nb5 a6 23. Na3 Bxd1 24. Ka2 Rd4 25. b5 axb5 26. Nxb5 Rb4 27. Rxd1
Rxb5 28. Rg1 Bxg1 29. Qd2 Kd7 30. c4 Ra8+ 31. Kb1 Rxb3 32. Qc2 Raa3 33. Kc1 Ra1+
34. Qb1 Rxb1+ 35. Kxb1 Rxd3 36. Ka2 f3 37. b3 Bc5 38. Kb2 Rd2+ 39. Kc3 Qd4# 0-1

[Event "Challenge"]
[Site "http://www.queenalice.com/game.php?id=1840899"]
[Date "2024.7.26"]
[Round "-"]
[White "pj"]
[Black "Curie"]
[Result "0-1"]
[WhiteElo "1545"]
[BlackElo "1669"]

1. e4 e5 2. g4 f6 3. c4 Bc5 4. a3 b6 5. b4 Bxf2+ 6. Kxf2 d5 7. cxd5 Qd6 8. h3
Bb7 9. d4 Nd7 10. dxe5 Qxe5 11. Ra2 Qxe4 12. Nd2 Qd4+ 13. Ke1 Qxd5 14. Qe2+ Ne5
15. Ndf3 Ne7 16. Rd2 Qc6 17. Rc2 Nxf3+ 18. Nxf3 Qxf3 19. Qxf3 Bxf3 20. Rhh2
O-O-O 0-1

[Event "Challenge"]
[Site "http://www.queenalice.com/game.php?id=1840900"]
[Date "2024.7.26"]
[Round "-"]
[White "Curie"]
[Black "pj"]
[Result "1-0"]
[WhiteElo "1680"]
[BlackElo "1534"]

1. e4 e5 2. Nc3 c6 3. Nf3 f6 4. Bc4 Nh6 5. d3 b5 6. Nxe5 fxe5 7. Qh5+ g6 8.
Qxe5+ Qe7 9. Qxh8 bxc4 10. Qd4 Ba6 11. dxc4 c5 12. Qd5 Nc6 13. Bf4 Nf7 14. O-O
Rd8 15. Na4 Nb4 16. Qxc5 Qxc5 17. Nxc5 Bxc5 18. b3 Nxc2 19. Rad1 g5 20. Bc7 1-0

[Event "Challenge"]
[Site "http://www.queenalice.com/game.php?id=1841333"]
[Date "2024.8.3"]
[Round "-"]
[White "Curie"]
[Black "Mr_SPOCK"]
[Result "1-0"]
[WhiteElo "1653"]
[BlackElo "1607"]

1. e4 e5 2. g3 Nf6 3. Bg2 d5 4. exd5 e4 5. Nc3 Bf5 6. Nge2 c6 7. Nd4 cxd5 8.
Nxf5 d4 9. Nxe4 Nxe4 10. Bxe4 Qf6 11. Bxb7 Qxf5 12. Bxa8 Be7 13. O-O O-O 14. d3
Nd7 15. Be4 Qh3 16. Re1 Nf6 17. Bf5 Qxf5 18. Rxe7 Ng4 19. Bf4 Qh5 20. h4 Qg6 21.
Qe1 Nf6 22. Qe5 Nh5 23. Qxd4 Qc6 24. Qxa7 h6 25. c4 Qf3 26. Qd4 Kh7 27. Rae1 g5
28. Qe4+ Qxe4 29. R1xe4 gxf4 30. gxf4 Rg8+ 31. Kf1 Rg4 32. c5 Rg6 33. Rxf7+ Ng7
34. f5 Rc6 35. Re5 h5 36. f6 Kg6 37. Rxg7+ Kxf6 38. Rgg5 Re6 39. Rxe6+ Kxe6 40.
Rxh5 Kd7 41. Re5 Kc6 42. h5 Kb5 43. h6 Kc6 44. h7 Kb5 45. Re6 Kxc5 46. h8=Q Kd5
47. Qe5# 1-0

[Event "Challenge"]
[Site "http://www.queenalice.com/game.php?id=1842183"]
[Date "2024.8.20"]
[Round "-"]
[White "Mr_SPOCK"]
[Black "Curie"]
[Result "0-1"]
[WhiteElo "1666"]
[BlackElo "1690"]

1. e4 e5 2. Bc4 Nc6 3. Qf3 Nf6 4. Nc3 Nd4 5. Qd3 Bc5 6. a3 a6 7. b4 b5 8. Ba2
Bb6 9. Nd5 Bb7 10. Bb2 c6 11. Nxf6+ Qxf6 12. O-O-O O-O 13. Nh3 c5 14. Rhf1 c4
15. Bxc4 bxc4 16. Qxc4 Bxe4 17. f3 Rac8 18. Qxa6 Nb3+ 19. Kb1 Bxc2+ 20. Ka2 Qe6
21. a4 Nc5+ 22. Ka1 Nxa6 23. Rc1 Qb3 24. Rxc2 Rxc2 25. Rb1 Qxa4+ 26. Ba3 Qxa3#
0-1

[Event "Challenge"]
[Site "http://www.queenalice.com/game.php?id=1842982"]
[Date "2024.9.3"]
[Round "-"]
[White "Curie"]
[Black "Mr_SPOCK"]
[Result "1-0"]
[WhiteElo "1705"]
[BlackElo "1680"]

1. e4 e5 2. Nf3 d5 3. exd5 e4 4. Qe2 Nf6 5. c4 Bc5 6. d4 Bb4+ 7. Nbd2 O-O 8. Ne5
c5 9. Qe3 Qb6 10. Be2 cxd4 11. Qf4 Be6 12. dxe6 Qxe6 13. O-O Bd6 14. Nxe4 Bxe5
15. Ng5 Qd6 16. Ne4 Nxe4 17. Qxe4 Re8 18. Bf4 Nd7 19. g3 Nf6 20. Qxb7 Bxf4 21.
Qf3 Bg5 22. Bd3 h5 23. h4 Bh6 24. a3 a5 25. b4 axb4 26. axb4 Rxa1 27. Rxa1 Ng4
28. c5 g6 29. cxd6 Kg7 30. Qd5 Kf8 31. Ra7 Ne5 32. Qxd4 Nf3+ 33. Kg2 Nxd4 34. b5
Rd8 35. b6 Rxd6 36. Ra8+ Kg7 37. b7 Nc6 38. Bb5 Kf6 39. Bxc6 Rxc6 40. b8=Q Ke6
41. Qh8 Bd2 42. Qe8+ Kd5 43. Rd8+ Rd6 44. Qxf7+ Kc6 45. Qc4+ Kb6 46. Rxd6+ Kb7
47. Rxd2 g5 48. Rb2+ Ka7 49. Qa4# 1-0

[Event "AUTO-OPEN-4548"]
[Site "http://www.queenalice.com/game.php?id=1843595"]
[Date "2024.9.13"]
[Round "1"]
[White "Givanildo"]
[Black "Curie"]
[Result "1-0"]
[WhiteElo "1537"]
[BlackElo "1734"]

1. d4 Nf6 2. Bf4 d5 3. h3 Bf5 4. e3 Ne4 5. Bd3 e6 6. Nf3 f6 7. O-O Nc6 8. a3 Be7
9. Nh4 Qd7 10. Nxf5 exf5 11. Nc3 g6 12. Bb5 a6 13. Ba4 O-O-O 14. Bb3 g5 15. Bh2
Nxc3 16. bxc3 Na5 17. Ba2 Bxa3 18. Bb3 Bb2 19. Rxa5 Bxc3 20. Rc5 c6 21. Rxc3
Rde8 22. Ba4 b5 23. Bb3 a5 24. Qe2 Re6 25. Qxb5 Qb7 26. Qxa5 Kd7 27. Ba4 Ra8 28.
Qxd5+ Ke8 29. Qxe6+ Kf8 30. Qxf6+ Qf7 31. Qh8+ Qg8 32. Bd6+ Kf7 33. Bb3+ Kg6 34.
Bxg8 Ra7 35. Rxc6 Kh5 36. Rc7 Rxc7 37. Bxc7 h6 38. Bf7+ Kh4 39. Bg3# 1-0

[Event "AUTO-OPEN-4548"]
[Site "http://www.queenalice.com/game.php?id=1843596"]
[Date "2024.9.13"]
[Round "1"]
[White "Curie"]
[Black "Givanildo"]
[Result "0-1"]
[WhiteElo "1662"]
[BlackElo "1593"]

1. e4 d5 2. exd5 Qxd5 3. Nc3 Qe5+ 4. Qe2 Qxe2+ 5. Bxe2 Bf5 6. d3 h6 7. Nf3 e6 8.
O-O Nd7 9. Bf4 g5 10. Bg3 O-O-O 11. Ne5 Nxe5 12. Bxe5 Rh7 13. a3 f6 14. Bd4 Rxd4
15. Bf3 h5 16. h3 g4 17. Be4 gxh3 18. Bxf5 exf5 19. gxh3 Bd6 20. Rfe1 Rg7+ 21.
Kf1 Bh2 22. Re8+ Kd7 23. Rae1 Ne7 24. Rf8 Rh4 25. Rxf6 Rxh3 26. Ke2 c6 27. Na4
b6 28. Kd2 Bf4+ 29. Kc3 Nd5+ 30. Kb3 Bg5 31. Rxf5 Bf6 32. Nc3 Nxc3 33. Rxf6 Nd5
34. Rf8 c5 35. Ra8 Kd6 36. Rd8+ Rd7 37. Rde8 b5 38. R1e4 c4+ 39. Ka2 cxd3 40. c3
d2 41. Rd4 Kc7 42. Rxd2 Nb4+ 43. axb4 Rxd2 44. Re7+ Kd8 45. Rxa7 Rxc3 46. Ra8+
Kc7 47. Rh8 Rh3 48. Rh7+ Kd6 49. f3 Rh4 50. Ka3 Rd3+ 51. b3 Rxf3 52. Rh6+ Kd5
53. Rb6 Rhh3 54. Rxb5+ Kc6 55. Ra5 Rxb3+ 56. Ka2 Rxb4 57. Ra3 Rh2+ 58. Ka1 Kb5
59. Ra2 Rh1# 0-1

[Event "AUTO-OPEN-4548"]
[Site "http://www.queenalice.com/game.php?id=1843623"]
[Date "2024.9.13"]
[Round "1"]
[White "Takeda"]
[Black "Curie"]
[Result "1-0"]
[WhiteElo "2123"]
[BlackElo "1732"]

1. e4 e5 2. Nf3 Nf6 3. Nxe5 Nxe4 4. d4 d5 5. Bd3 Be7 6. O-O c6 7. Nd2 f6 8. Qh5+
g6 9. Nxg6 Bg4 10. Qxg4 Rg8 11. Qe6 Rxg6 12. Nxe4 f5 13. Qxf5 Nd7 14. Nc5 Nf6
15. Bg5 Qd6 16. Rfe1 b6 17. Ne6 b5 18. Nf4 Rg7 19. Qxf6 Rf7 20. Qxd6 Kf8 21.
Bxe7+ Ke8 22. Bf8+ Re7 23. Qxe7# 1-0

[Event "AUTO-OPEN-4548"]
[Site "http://www.queenalice.com/game.php?id=1843624"]
[Date "2024.9.13"]
[Round "1"]
[White "Curie"]
[Black "Takeda"]
[Result "0-1"]
[WhiteElo "1709"]
[BlackElo "2112"]

1. e4 g6 2. d3 Bg7 3. Bf4 d6 4. h3 c5 5. Nf3 Nc6 6. Qd2 Bxb2 7. c3 Bxa1 8. Be2
d5 9. O-O d4 10. Na3 Bxc3 11. Qc1 Qa5 12. Ne5 Nxe5 13. Qb1 Qxa3 14. Bxe5 f6 15.
Bc7 e5 16. Bd1 Kd7 17. Bxe5 fxe5 18. Qb5+ Ke7 19. Ba4 Nf6 20. Qc4 Be6 21. Qb5
Rab8 22. Rb1 a6 23. Rb3 Qc1+ 24. Kh2 axb5 25. Rxb5 Qf4+ 26. Kg1 Be1 27. Rb1
Bxf2+ 28. Kf1 Be3+ 29. Ke1 Qf2+ 30. Kd1 Qd2# 0-1

[Event "Challenge"]
[Site "http://www.queenalice.com/game.php?id=1843753"]
[Date "2024.9.14"]
[Round "-"]
[White "Mr_SPOCK"]
[Black "Curie"]
[Result "1-0"]
[WhiteElo "1608"]
[BlackElo "1730"]

1. e4 e5 2. Qh5 Nf6 3. Qxe5+ Be7 4. Nc3 Nc6 5. Qf4 Nd4 6. Bd3 O-O 7. e5 Ne6 8.
Qh4 g6 9. Nh3 Nh5 10. Qg4 d6 11. f4 Nd4 12. f5 Nxf5 13. Bc4 dxe5 14. Ne4 Nd4 15.
Nf6+ Bxf6 16. Qe4 c6 17. O-O Qd6 18. c3 Bf5 19. Qe3 Nc2 20. Qe2 Nxa1 21. g4 Nf4
22. Nxf4 Qc5+ 23. d4 exd4 24. Kh1 Rae8 25. Qf2 Bxg4 26. b3 Re4 27. h3 b5 28. Bd3
Bxh3 29. Bxe4 Bxf1 30. Qxf1 Re8 31. Qg2 Qxc3 32. Ba3 Qe1+ 33. Kh2 Qh4+ 34. Nh3
Be5+ 35. Kh1 Re6 36. Bf5 Qe1+ 37. Ng1 Rf6 38. Qg5 Rxf5 39. Qd8+ Kg7 40. Bf8+ Kg8
41. Bh6# 1-0

[Event "AUTO-INT-3884"]
[Site "http://www.queenalice.com/game.php?id=1844205"]
[Date "2024.9.24"]
[Round "2"]
[White "Curie"]
[Black "caradepau"]
[Result "0-1"]
[WhiteElo "1679"]
[BlackElo "1742"]

1. e4 e5 2. Nf3 Nc6 3. Bc4 a6 4. O-O Bc5 5. d3 h6 6. Nc3 d6 7. Nd5 Nf6 8. b3 O-O
9. Bb2 b5 10. Nxf6+ Qxf6 11. Bd5 Bd7 12. Qd2 Rab8 13. h3 Qg6 14. a3 Bxh3 15. Nh4
Qg3 16. Rfe1 Ne7 17. d4 Qxh4 18. g3 Qg4 19. Re3 exd4 20. Rd3 Ng6 21. Qd1 Qxd1+
22. Raxd1 b4 23. a4 Ne5 24. Kh2 Bg4 25. f3 Nxd3 26. Rxd3 Be6 27. Bxd4 Bxd4 28.
Rxd4 Bxd5 29. Rxd5 Kh7 30. Ra5 Ra8 31. f4 Rfe8 0-1

[Event "AUTO-INT-3884"]
[Site "http://www.queenalice.com/game.php?id=1844206"]
[Date "2024.9.24"]
[Round "2"]
[White "caradepau"]
[Black "Curie"]
[Result "0-1"]
[WhiteElo "1753"]
[BlackElo "1666"]

1. e4 e5 2. Bc4 Nf6 3. d3 Bc5 4. a3 O-O 5. Nc3 d6 6. h3 h6 7. g4 Be6 8. Bxe6
fxe6 9. g5 hxg5 10. Bxg5 Kf7 11. Qe2 Ke7 12. Nf3 Kd7 13. h4 Qe8 14. h5 Rh8 15.
Bxf6 gxf6 16. Na4 Na6 17. Nxc5+ Nxc5 18. Qd2 Rd8 19. Qa5 Qg8 20. O-O-O Qg2 21.
Qxa7 Ra8 22. Rdg1 Qxf3 23. Rg7+ Kc6 24. Qxa8 Qxh1+ 25. Kd2 Rxa8 26. Rh7 Rg8 27.
b4 Rg2 28. bxc5 Rxf2+ 29. Kc3 Qe1+ 30. Kb2 Qe2 31. Kc3 b5 32. cxb6 Qxc2+ 33. Kb4
Qb2+ 34. Kc4 Rc2# 0-1

[Event "AUTO-INT-3884"]
[Site "http://www.queenalice.com/game.php?id=1844207"]
[Date "2024.9.24"]
[Round "2"]
[White "Curie"]
[Black "SamuraiJOM"]
[Result "0-1"]
[WhiteElo "1633"]
[BlackElo "1728"]

1. e4 e5 2. Bc4 Nf6 3. d3 Bc5 4. Nf3 h6 5. O-O O-O 6. Nxe5 Kh8 7. d4 Bd6 8. f3
a6 9. a3 Nc6 10. b4 Ne7 11. Bb2 Kg8 12. Nc3 b5 13. Bxf7+ Rxf7 14. Nxf7 Kxf7 15.
e5 Bxe5 16. dxe5 Nfg8 17. Nd5 Bb7 18. Nxe7 Nxe7 19. Re1 Nf5 20. Qe2 Kg8 21. Rad1
Qe8 22. e6 dxe6 23. Qe5 Qg6 24. Qxe6+ Qxe6 25. Rxe6 Kf7 26. Re5 Nd6 27. Bd4 Nc4
28. Rf5+ Kg8 29. Re1 Nxa3 30. Re7 Nxc2 31. Bxg7 Nxb4 32. Rh5 Nd5 33. Re6 Kxg7
34. Rhxh6 Nf4 35. Ref6 Rf8 36. Rxf8 Ng6 37. Rxg6+ Kxg6 38. Rf4 c5 39. Kf2 c4 40.
h4 c3 41. Ke2 a5 42. g4 b4 43. h5+ Kh6 44. Rf5 c2 45. Kd2 b3 46. f4 Be4 47. Rb5
a4 48. Rb6+ Kh7 49. g5 Bd5 50. Kc1 a3 51. Ra6 b2+ 52. Kxc2 Be4+ 53. Kd2 b1=Q 0-1

[Event "AUTO-INT-3884"]
[Site "http://www.queenalice.com/game.php?id=1844208"]
[Date "2024.9.24"]
[Round "2"]
[White "SamuraiJOM"]
[Black "Curie"]
[Result "1-0"]
[WhiteElo "1791"]
[BlackElo "1643"]

1. e4 g6 2. d4 Bg7 3. Nf3 Nc6 4. Bc4 e6 5. O-O Nge7 6. a4 d5 7. exd5 Nxd5 8. c3
Qf6 9. Bg5 Qf5 10. Nbd2 f6 11. Bh4 g5 12. Bg3 Bd7 13. Nb3 a6 14. Nc5 O-O-O 15.
Qb3 Nb6 16. Nxd7 Nxc4 17. Nc5 N4a5 18. Qa2 Bf8 19. Rfe1 Re8 20. b4 b6 21. Nxa6
Nb7 22. Nxc7 Rd8 23. Nxe6 Rd7 24. Red1 Bd6 25. Bxd6 Nxd6 26. d5 Ne5 27. Nxe5
fxe5 28. f3 g4 29. fxg4 Qxg4 30. Rd2 Rf7 31. a5 b5 32. a6 Kd7 33. a7 Nc4 34.
a8=Q Rxa8 35. Qxa8 Ke7 36. Qd8# 1-0

[Event "Challenge"]
[Site "http://www.queenalice.com/game.php?id=1844715"]
[Date "2024.10.4"]
[Round "-"]
[White "Curie"]
[Black "Mr_SPOCK"]
[Result "0-1"]
[WhiteElo "1710"]
[BlackElo "1698"]

1. e4 e5 2. Nc3 Bc5 3. Nf3 Nc6 4. d3 Nf6 5. Be2 d6 6. h3 Be6 7. O-O Qe7 8. Be3
Bxe3 9. fxe3 Nh5 10. Qe1 Qf6 11. Nh4 Qg5 12. Qf2 O-O-O 13. a4 Rhf8 14. Nf3 Qg6
15. Ra3 Bxh3 16. Nh4 Qg5 17. Nd5 f5 18. Nxf5 Rxf5 19. exf5 Rf8 20. Kh2 Rxf5 21.
Bf3 Bg4 22. e4 Rf4 23. g3 Rf6 24. Nxf6 Nxf6 25. Kg2 h5 26. Rh1 Nd4 27. c3 Bxf3+
28. Kg1 Ne2+ 29. Kf1 Nxg3+ 30. Ke1 Qc1# 0-1